Na slovenský trh vstúpil ďalší katalóg reklamy

Pod názvom Advertising directory Slovakia 1994-1995 vydala firma Herold Business Data Slovakia, člen holdingovej spoločnosti Herold Business Data (HBD) pôsobiacej v 14 krajinách Európy, adresár 600 firiem pôsobiacich na Slovensku a Travel directory Slovakia 1994-1995 - katalóg cestovného ruchu na Sl...

Descrizione completa

Salvato in:
Dettagli Bibliografici
Autore principale: Lechnický, Milan
Natura: Capitolo di libro
Lingua:slovacco
Soggetti:
Tags: Aggiungi Tag
Nessun Tag, puoi essere il primo ad aggiungerne!!

MARC

LEADER 00000naa a2200000 4500
001 r023959
005 20221205091206.9
041 0 |a slo 
044 |a SK 
245 1 0 |a Na slovenský trh vstúpil ďalší katalóg reklamy  |c M. Lechnický 
520 |a Pod názvom Advertising directory Slovakia 1994-1995 vydala firma Herold Business Data Slovakia, člen holdingovej spoločnosti Herold Business Data (HBD) pôsobiacej v 14 krajinách Európy, adresár 600 firiem pôsobiacich na Slovensku a Travel directory Slovakia 1994-1995 - katalóg cestovného ruchu na Slovensku. Ďalšie aktivity HBD Slovakia. 
610 2 0 |a reklama 
610 2 0 |a Slovensko 
610 2 0 |a adresáre 
610 2 0 |a súpisy 
610 2 0 |a 1994-1995 
610 2 0 |a ruch cestovný 
610 2 0 |a kancelárie cestovné 
610 2 0 |a Herold Business Data Slovakia 
100 1 |a Lechnický, Milan